E OFFICE PROCEDURE (Record no. 22930)

MARC details
000 -LEADER
fixed length control field 00287nam a2200121Ia 4500
008 - FIXED-LENGTH DATA ELEMENTS--GENERAL INFORMATION
fixed length control field 240624s9999 xx 000 0 und d
041 ## - LANGUAGE CODE
Language code of text/sound track or separate title eng
082 ## - DEWEY DECIMAL CLASSIFICATION NUMBER
Classification number 651 MUT
100 ## - MAIN ENTRY--PERSONAL NAME
Personal name MUTHUSWAMY
245 ## - TITLE STATEMENT
Title E OFFICE PROCEDURE
260 ## - PUBLICATION, DISTRIBUTION, ETC.
Date of publication, distribution, etc. 2014
Place of publication, distribution, etc. Chennai
Name of publisher, distributor, etc. Swamy
300 ## - PHYSICAL DESCRIPTION
Extent 210 : p. : cm. ; 24
Holdings
Withdrawn status Lost status Damaged status Not for loan Home library Current library Shelving location Date acquired Total Checkouts Full call number Barcode Date last seen Price effective from Koha item type
        IMTN IMTN Rack 17-B 09/15/2014   651 MUT 22930 06/24/2024 06/24/2024 Books
Designed & Maintained by: LRC IMT Nagpur Contact: lrc@imtnag.ac.in© 2024. All Rights Reserved.